Nirvana - Bleach Songs - Statistics

General Stats
  • This quiz has been taken 61 times
  • The average score is 9 of 13
Answer Stats
Listens Song % Correct
487,155,844 About A Girl
90%
133,542,277 Love Buzz
79%
52,762,549 School
79%
58,989,883 Blew
76%
26,739,911 Floyd The Barber
72%
11,129,449 Big Cheese
69%
31,095,406 Downer
69%
26,461,177 Mr. Moustache
69%
40,307,950 Negative Creep
66%
10,049,471 Sifting
66%
17,056,613 Paper Cuts
62%
14,387,826 Scoff
52%
12,758,197 Swap Meet
48%
No matching quizzes found
Score Distribution
Percent of People with Each Score
Percentile by Number Answered
Your Score History
You have not taken this quiz